000 01319nam a2200349Ia 4500
001 ebr10479192
003 CaPaEBR
006 m u
007 cr cn|||||||||
008 100817s2011 maua sb 001 0 eng d
010 _z 2010031954
020 _z0262042487
020 _z9780262042482
040 _aCaPaEBR
_cCaPaEBR
035 _a(OCoLC)741690192
050 1 4 _aQA76.9.C66
_bK48 2011eb
082 0 4 _a303.48/34
_222
100 1 _aKitchin, Rob.
245 1 0 _aCode/space
_h[electronic resource] :
_bsoftware and everyday life /
_cRob Kitchin and Martin Dodge.
260 _aCambridge, Mass. :
_bMIT Press,
_cc2011.
300 _axi, 290 p. :
_bill.
490 1 _aSoftware studies
504 _aIncludes bibliographical references and index.
533 _aElectronic reproduction.
_bPalo Alto, Calif. :
_cebrary,
_d2011.
_nAvailable via World Wide Web.
_nAccess may be limited to ebrary affiliated libraries.
650 0 _aComputers and civilization.
650 0 _aComputer software
_xSocial aspects.
655 7 _aElectronic books.
_2local
700 1 _aDodge, Martin,
_d1971-
710 2 _aebrary, Inc.
830 0 _aSoftware studies (Cambridge, Mass.)
856 4 0 _uhttp://site.ebrary.com/lib/rucke/Doc?id=10479192
_zAn electronic book accessible through the World Wide Web; click to view
999 _c223452
_d223452